[Event "ICS Rated blitz match"]
[Site "207.99.83.227"]
[Date "1999.03.21"]
[Round "?"]
[White "Hossa"]
[Black "rajah"]
[Result "1-0"]
[WhiteElo "2364"]
[BlackElo "2542"]
[PlyCount "135"]

1. e4 Nf6 2. e5 Nd5 3. Nc3 Nxc3 4. dxc3 d6 5. Bf4 Nc6 6. Bb5 Bd7 7. exd6 cxd6
8. Nf3 e5 9. Bg5 Be7 10. Bxe7 Nxe7 11. Qd3 f5 12. Bxd7+ Qxd7 13. Qd2 e4 14. Nd4
O-O 15. Rd1 Rac8 16. O-O Rf6 17. a3 Nd5 18. Qg5 Rc4 19. Rfe1 Qf7 20. Kh1 h6 21.
Qh4 Rc5 22. Kg1 Qe7 23. Nb3 Rb5 24. c4 Rxb3 25. cxb3 Rg6 26. Qxe7 Nxe7 27. Rd2
Nc6 28. Red1 Na5 29. Rxd6 Rxd6 30. Rxd6 Nxb3 31. Rd5 f4 32. Rb5 Nc1 33. Rxb7 e3
34. fxe3 fxe3 35. b4 e2 36. Kf2 a6 37. Ra7 h5 38. Rxa6 Kf8 39. b5 Ke8 40. Ra7
Kd8 41. b6 Kc8 42. Rxg7 Kb8 43. g3 Ka8 44. a4 Nd3+ 45. Kxe2 Ne5 46. c5 Nc6 47.
Rh7 Kb8 48. Rxh5 Na5 49. Rh8+ Kb7 50. Rh7+ Kb8 51. Rc7 Nb3 52. c6 Na5 53. Kd3
Nxc6 54. Rxc6 Kb7 55. a5 Kxc6 56. h4 Kb7 57. a6+ Kxa6 58. b7 Kxb7 59. h5 Kc6
60. h6 Kd5 61. h7 Ke5 62. h8=Q+ Kf5 63. Qe8 Kg5 64. Qe6 Kh5 65. Qg8 Kh6 66. Ke4
Kh5 67. Kf5 Kh6 68. Qh8# {rajah checkmated} 1-0

[Event "ICS Rated blitz match"]
[Site "207.99.83.227"]
[Date "1999.03.21"]
[Round "?"]
[White "Hossa"]
[Black "sio"]
[Result "1-0"]
[WhiteElo "2388"]
[BlackElo "2137"]
[PlyCount "95"]

1. e4 c6 2. Nc3 d5 3. exd5 cxd5 4. Nf3 Nf6 5. Bb5+ Bd7 6. O-O Bxb5 7. Nxb5 e6
8. d3 a6 9. Nbd4 Be7 10. Bg5 O-O 11. Qd2 Nc6 12. Rae1 Qb6 13. Nxc6 bxc6 14. b3
c5 15. Ne5 Rfd8 16. Bxf6 Bxf6 17. Ng4 Be7 18. Qe2 Rac8 19. Ne5 Bf6 20. Qh5 g6
21. Qf3 Kg7 22. Qf4 Qb4 23. c4 dxc4 24. dxc4 Rd4 25. Qe3 Qb7 26. Kh1 h6 27. Nf3
Rd6 28. Nd2 Bd4 29. Qg3 e5 30. Rxe5 Bxe5 31. Qxe5+ Rf6 32. Ne4 Rcc6 33. Nxf6
Rxf6 34. Qxc5 Qe4 35. f3 Qe2 36. Qf2 Qd3 37. Re1 Rd6 38. Qb2+ Kh7 39. Qb1 Qd2
40. c5 Rd3 41. h3 Rc3 42. Rd1 Qf2 43. Rd7 Rc2 44. Qg1 Qe2 45. Rxf7+ Kg8 46. Rf6
Rd2 47. Rxg6+ Kh7 48. Rd6 {sio resigns} 1-0

[Event "ICS rated bullet match"]
[Site "207.99.83.227"]
[Date "1999.03.21"]
[Round "?"]
[White "Hossa"]
[Black "TDChess"]
[Result "0-1"]
[WhiteElo "2378"]
[BlackElo "2690"]
[Annotator "Crafty v16.6"]
[PlyCount "66"]

{annotating for player Hossa using a scoring margin of +0.10 pawns. search
time limit is 12.00} 1. e4 1... d5 2. exd5 Qxd5 3. Nc3 Qe6+ 4. Be2 Qg6 5. Bf3
Nc6 6. d3 ({8:+0.12} 6. d3 6... Nd4 7. Be4 f5 8. Nd5 Qc6 9. Nxe7 Nxc2+ 10. Kf1
$10) ({8:+0.53} 6. Nge2 6... Bf5 7. Nb5 Bxc2 8. Nxc7+ Kd7 9. Nf4 Qf5 10. Bg4
Bxd1 11. Bxf5+ Kxc7 12. Kxd1 $14) 6... Nd4 7. Be3 e5 8. Be4 f5 9. Nd5 ({8:-2.95
} 9. Nd5 9... fxe4 10. Nxc7+ Kd8 11. Nxa8 Qxg2 12. dxe4 Qxh1 13. Bxd4 13...
Qxg1+ $19) ({8:+0.06} 9. Bf3 9... Nxf3+ 10. Qxf3 Bd7 11. Qd5 O-O-O 12. O-O-O
Nf6 13. Qxe5 13... Qxg2 $10) 9... Bd6 10. Bf3 Nxf3+ 11. Qxf3 ({9:-4.06} 11.
Qxf3 11... e4 12. dxe4 fxe4 13. Nxc7+ Bxc7 14. Qe2 Qxg2 15. Qb5+ Kf7 16. Qh5+
g6 17. Qd5+ 17... Kg7 $19) ({9:-0.37} 11. Nxf3 11... Be6 12. Nc3 f4 13. Bd2 e4
14. Nxe4 Qxg2 15. Nxd6+ cxd6 16. Rg1 $15) 11... e4 12. dxe4 fxe4 13. Nf4 ({
9:-10.21} 13. Nf4 13... exf3 14. Nxg6 fxg2 15. Nxh8 gxh1=Q 16. O-O-O Bxh2 17.
Ne2 17... Qe4 $19) ({9:-3.63} 13. Qe2 13... Qxg2 14. Nxc7+ Bxc7 15. O-O-O a6
16. Qh5+ g6 17. Qc5 Bxh2 18. Ne2 $19) 13... exf3 14. Nxg6 fxg2 15. Nxh8 gxh1=Q
16. O-O-O Qxh2 17. Re1 Kf8 18. Nf3 Qg2 19. Nd4 Nf6 20. f3 Kg8 21. Rg1 Qh2 22.
Rd1 Kxh8 23. Rd2 Qh5 24. c3 Nd5 25. Nc2 Nxe3 26. Nxe3 Qxf3 27. Nd5 c6 28. a3
cxd5 29. Kb1 Qf1+ 30. Rd1 Qxd1+ 31. Ka2 Bf5 32. c4 dxc4 33. b4 Qb1# 0-1

[Event "ICS rated blitz match"]
[Site "207.99.83.227"]
[Date "1999.03.21"]
[Round "?"]
[White "BabyBach"]
[Black "Hossa"]
[Result "0-1"]
[WhiteElo "896"]
[BlackElo "2394"]
[PlyCount "20"]

1. f4 Nc6 2. b3 e5 3. f5 Qh4+ 4. g3 Qe4 5. Nf3 Nd4 6. Bb2 Nxf3+ 7. Kf2 Bc5+ 8.
d4 Nxd4 9. Bh3 Nxc2+ 10. Kf1 10... Qxh1# {BabyBach checkmated} 0-1

[Event "ICS rated blitz match"]
[Site "207.99.83.227"]
[Date "1999.03.21"]
[Round "?"]
[White "Hossa"]
[Black "rajah"]
[Result "0-1"]
[WhiteElo "2394"]
[BlackElo "2529"]
[Annotator "Crafty v16.6"]
[PlyCount "69"]

{annotating for player Hossa using a scoring margin of +0.10 pawns. search
time limit is 12.00} 1. e4 1... c5 2. Bc4 e6 3. Nc3 a6 4. a4 ({9:+0.06} 4. a4
4... Nf6 5. e5 d5 6. exd6 Bxd6 7. Nf3 Nc6 8. O-O 8... O-O $10) ({9:+0.32} 4.
Nf3 4... Nc6 5. d4 b5 6. Be2 b4 7. Na4 cxd4 8. Nxd4 8... Nge7 $14) 4... Nf6 5.
e5 d5 6. exf6 dxc4 7. fxg7 Bxg7 8. Nf3 Nc6 9. O-O O-O 10. Re1 e5 11. Re4 Be6
12. Rb1 Nd4 13. Nxe5 Qd6 14. Qh5 ({8:-1.83} 14. Qh5 14... f5 15. Rh4 Qxe5 16.
Qxh7+ Kf7 17. Qh5+ Ke7 18. Qd1 Rh8 19. Rxh8 19... Rxh8 $19) ({8:-0.26} 14. f4
14... f6 15. Nf3 f5 16. Re1 Qxf4 17. d3 17... Qg4 $10) 14... f5 15. Rh4 ({
8:-2.50} 15. Rh4 15... Qxe5 16. Qxh7+ Kf7 17. Qh5+ Kf6 18. Qd1 Nxc2 19. Kf1 Nd4
20. Kg1 Rh8 21. Rh5 $19) ({8:-1.81} 15. Nxc4 15... Bxc4 16. Rh4 Qg6 17. d3 Qxh5
18. Rxh5 Bf7 19. Rg5 Nxc2 20. Rxf5 $19) 15... Qxe5 16. Qxh7+ Kf7 17. Qh5+ Ke7
18. Qd1 Nxc2 19. Ne2 Rad8 20. Nf4 Bf7 21. h3 Bf6 22. Rh7 Qxf4 23. Qxc2 Rd3 24.
Qd1 Kd8 25. Qe2 Qg5 26. g4 Qg6 27. Rxf7 Rxf7 28. b4 Rd4 29. g5 f4 30. Ra1 Rd5
31. h4 Bxa1 32. Qxc4 Qe6 33. g6 Rc7 34. Kh2 cxb4 35. Qxb4 0-1

[Event "ICS Rated blitz match"]
[Site "207.99.83.227"]
[Date "1999.03.21"]
[Round "?"]
[White "Hossa"]
[Black "KillerGrob"]
[Result "0-1"]
[WhiteElo "2384"]
[BlackElo "2840"]
[Annotator "Crafty v16.6"]
[PlyCount "253"]

{annotating for player Hossa using a scoring margin of +0.10 pawns. search
time limit is 12.00} 1. e4 1... c5 2. Bc4 e6 3. Nc3 a6 4. a4 ({9:+0.06} 4. a4
4... Nf6 5. e5 d5 6. exd6 Bxd6 7. Nf3 Nc6 8. O-O 8... O-O $10) ({9:+0.32} 4.
Nf3 4... Nc6 5. d4 b5 6. Be2 b4 7. Na4 cxd4 8. Nxd4 8... Nge7 $14) 4... Nc6 5.
Nf3 Nf6 6. O-O d5 7. exd5 exd5 8. Bb3 Be7 9. d3 O-O 10. Re1 d4 11. Ne4 Nxe4 12.
Rxe4 Bf5 13. Re1 Na5 14. Ba2 Qc7 15. Bf4 Bd6 16. Bxd6 Qxd6 17. Nh4 Be6 18. Bxe6
fxe6 19. Qe2 Rae8 20. Qe5 Qxe5 21. Rxe5 b6 22. Rae1 Rf6 23. Nf3 h6 24. R5e4 Nc6
25. Ne5 Nxe5 26. Rxe5 a5 27. h4 Ref8 28. f3 Kf7 29. Kf2 Ke7 30. b3 g6 31. Kg3
Kd6 32. f4 R8f7 33. R1e4 Rg7 34. Re2 Rg8 35. Re1 Rgf8 36. R1e4 Kd7 37. Kf3 Rg8
38. Ke2 Kd6 39. Kd2 Rgf8 40. Kc1 h5 41. Re2 Re8 42. g3 Rf5 43. Kb2 Rxe5 44.
Rxe5 Rf8 45. Rg5 Rf6 46. Ka3 Ke7 47. Ka2 Kf7 48. Kb2 Rf5 49. Rxf5+ gxf5 50. c3
Ke7 51. cxd4 cxd4 52. b4 Kd6 53. Kb3 Kd5 54. Ka3 e5 55. fxe5 Kxe5 56. Kb3 f4
57. gxf4+ Kxf4 58. Kc4 Kg4 59. bxa5 bxa5 60. Kxd4 Kxh4 61. Ke5 Kg4 62. d4 h4
63. d5 h3 64. d6 h2 65. d7 h1=Q 66. d8=Q Qe1+ 67. Kd6 Qd1+ 68. Kc7 Qxa4 69.
Qg8+ Kf4 70. Qf7+ Kg3 71. Qg7+ Kf3 72. Qc3+ Ke4 73. Qc5 Qb4 74. Kc6 Kd3 75.
Qd5+ Ke3 76. Qg5+ Kf3 77. Qf5+ Ke2 78. Qb5+ Kd2 79. Qg5+ Kd1 80. Qg1+ Kc2 81.
Qg2+ Kb1 82. Qf1+ Ka2 83. Qe2+ Ka3 84. Qe3+ Ka4 85. Qd3 Qb3 86. Qd4+ Ka3 87.
Qc5+ Kb2 88. Qxa5 Qc4+ 89. Qc5 Qe4+ 90. Qd5 Qc2+ 91. Qc5 Qg2+ 92. Qd5 Qh3 93.
Qe5+ Kb1 94. Qg5 Qh1+ 95. Qd5 Qc1+ 96. Qc5 Qh6+ 97. Qd6 Qh3 98. Qf6 Qh1+ 99.
Kd6 Qd1+ 100. Ke6 Qe1+ 101. Qe5 Qg1 102. Qf5+ Ka1 103. Qh5 Ka2 104. Qh4 Kb1
105. Qh3 Qb6+ 106. Kf5 Kb2 107. Qh2+ Kc1 108. Qh1+ Kc2 109. Qf1 Qa5+ 110. Kg4
Qa4+ 111. Qf4 Qb3 112. Qf3 Qb4+ 113. Qf4 Qe1 114. Qf3 Qg1+ 115. Qg3 Qa1 116.
Qh3 Qd1+ 117. Qf3 Qd4+ 118. Qf4 Qg7+ 119. Qg5 Qc3 120. Qh5 Kb1 121. Qh4 Ka1
122. Qh3 Qc1 123. Qh2 Qd1+ 124. Kh4 Kb1 125. Qg2 Qd4+ 126. Qg4 Qf2+ 127. Qg3
0-1

[Event "ICS Rated blitz match"]
[Site "207.99.83.227"]
[Date "1999.03.21"]
[Round "?"]
[White "StrongBach"]
[Black "Hossa"]
[Result "0-1"]
[WhiteElo "1915"]
[BlackElo "2382"]
[PlyCount "96"]

1. e3 Nc6 2. d4 d5 3. Nf3 Bg4 4. a4 e5 5. dxe5 Nxe5 6. Be2 Bxf3 7. Bxf3 Nxf3+
8. Qxf3 Nf6 9. Nc3 Bb4 10. Bd2 O-O 11. Rd1 Bxc3 12. Bxc3 Ne4 13. Be5 Qe7 14.
Rxd5 c6 15. Qg4 f5 16. Qxg7+ Qxg7 17. Bxg7 cxd5 18. Bxf8 Kxf8 19. Rg1 Rc8 20.
c3 Rc4 21. f3 Nc5 22. Ke2 Rxa4 23. Re1 Ra2 24. Rd1 Na4 25. Ke1 Nb6 26. Rd2 a5
27. b3 Ra1+ 28. Rd1 Ra3 29. Rb1 Ra2 30. Kf1 Kg7 31. h4 Rc2 32. c4 dxc4 33. bxc4
Nxc4 34. Rxb7+ Kf6 35. e4 Ne3+ 36. Kg1 Rxg2+ 37. Kh1 fxe4 38. Rb3 Re2 39. Rb6+
Ke5 40. Rb5+ Kf4 41. fxe4 Kg3 42. Rb1 Kxh4 43. e5 Nf5 44. Rb7 Ng3+ 45. Kg1 h5
46. Rb5 Kh3 47. Rb2 Rxb2 48. e6 48... Rg2# {StrongBach checkmated} 0-1

[Event "ICS rated blitz match"]
[Site "207.99.83.227"]
[Date "1999.03.21"]
[Round "?"]
[White "Hossa"]
[Black "StrongBach"]
[Result "1-0"]
[WhiteElo "2384"]
[BlackElo "1913"]
[PlyCount "77"]

1. e4 e6 2. d4 Qh4 3. Nd2 Be7 4. Ngf3 Qh5 5. Bd3 Nc6 6. Nb3 Qg6 7. O-O Nf6 8.
e5 Ne4 9. Qe2 Nxd4 10. Nbxd4 Nc3 11. Qe1 Ne2+ 12. Qxe2 Qh5 13. Nb5 Bd8 14. Bg5
f6 15. exf6 gxf6 16. Bxf6 Rg8 17. Bxd8 Kxd8 18. Ne5 Qh3 19. f4 d6 20. Nf7+ Kd7
21. Ng5 Qh6 22. Qxe6+ Qxe6 23. Nxe6 Rh8 24. Nbxc7 Rb8 25. Bb5+ Ke7 26. Ng5 Bf5
27. Nd5+ Kf8 28. Ne3 Bc8 29. Rad1 a6 30. Bc4 b5 31. Bb3 Kg7 32. Rxd6 Ra8 33.
Bd5 Rb8 34. Ne6+ Bxe6 35. Rxe6 a5 36. Nf5+ Kf8 37. Rfe1 Kf7 38. Rb6+ Kf8 39.
Rxb8# {StrongBach checkmated} 1-0

[Event "ICS rated bullet match"]
[Site "207.99.83.227"]
[Date "1999.03.21"]
[Round "?"]
[White "JSBach"]
[Black "Hossa"]
[Result "0-1"]
[WhiteElo "2091"]
[BlackElo "2373"]
[PlyCount "96"]

1. e4 e5 2. Qh5 Nc6 3. Bc4 g6 4. Qf3 Nf6 5. Qb3 Nd4 6. Qd3 d5 7. exd5 Bf5 8.
Qc3 Nxc2+ 9. Kd1 Nxa1 10. Qxe5+ Qe7 11. Qxe7+ Bxe7 12. Nc3 Ng4 13. Nh3 O-O-O
14. Nb5 Ne5 15. Nxa7+ Kb8 16. d3 Bg4+ 17. f3 Bxh3 18. Re1 Bxg2 19. Rxe5 Bxf3+
20. Kd2 Bd6 21. Rg5 f6 22. Rg1 Rhe8 23. Kc3 Bxh2 24. Rf1 Be2 25. Rh1 Be5+ 26.
d4 Bxc4 27. Kxc4 Bg3 28. Rh3 Kxa7 29. Rxg3 Re2 30. Bf4 Rxb2 31. Bxc7 b5+ 32.
Kd3 Rd7 33. Bf4 Rxa2 34. Ke4 f5+ 35. Ke5 Re2+ 36. Kf6 Nc2 37. Rc3 Nxd4 38. d6
b4 39. Rc7+ Rxc7 40. dxc7 Kb7 41. Kf7 b3 42. c8=R Kxc8 43. Bg5 b2 44. Bf6 b1=Q
45. Kg7 Qb7+ 46. Kf8 Qd7 47. Be5 Rxe5 48. Kg8 48... Re8# {JSBach checkmated}
0-1

[Event "ICS rated blitz match"]
[Site "207.99.83.227"]
[Date "1999.03.21"]
[Round "?"]
[White "KillerGrob"]
[Black "Hossa"]
[Result "1-0"]
[WhiteElo "2842"]
[BlackElo "2386"]
[Annotator "Crafty v16.6"]
[PlyCount "178"]

{annotating for player Hossa using a scoring margin of +0.10 pawns. search
time limit is 12.00} 1. d4 1... Nf6 2. c4 g6 3. Nc3 Bg7 4. e4 d6 5. f3 O-O 6.
Be3 Nbd7 7. Nh3 c5 8. d5 Qb6 9. Qd2 Qb4 10. Nb5 Qxd2+ 11. Bxd2 Ne5 ({8:+0.07} 
11... Ne5 12. Nf4 Bd7 13. Be2 a6 14. Nc7 Rac8 15. Ba5 $10) ({8:+0.23} 11... Nb6
12. Bg5 Bd7 13. Bd3 Na4 14. b3 Bxb5 15. cxb5 15... Nc3 $10) 12. f4 Neg4 13. Nc7
Rb8 14. Bd3 Bd7 15. Nb5 Bxb5 ({9:+0.13} 15... Bxb5 16. cxb5 a6 17. bxa6 bxa6
18. Bc1 Nd7 19. Rb1 Rb4 20. Ng5 20... Rfb8 $10) ({9:+0.34} 15... a6 16. Nc3 b5
17. cxb5 axb5 18. Ng5 b4 19. Ne2 Nh5 20. h3 $15) 16. cxb5 a6 17. bxa6 bxa6 18.
Rb1 c4 19. Be2 Rfc8 20. Bc3 Ne3 21. Bf3 Nc2+ 22. Kd2 Nb4 23. a3 Nd3 24. Ke3 Nc5
25. Nf2 Na4 26. Bb4 Rb5 27. Nd1 a5 28. Nc3 Nxc3 29. Bxc3 Rcb8 30. Rhc1 Ne8 31.
Bxg7 Kxg7 32. Rc2 Rc5 33. Be2 c3 34. b4 axb4 35. axb4 Rc7 36. Kd4 Nf6 37. Bf3
Rbc8 38. Rb3 e5+ 39. dxe6 fxe6 40. Rcxc3 e5+ 41. fxe5 dxe5+ 42. Kd3 Rd8+ 43.
Ke3 Rb7 44. Rc5 Nd7 45. Rd5 Re8 46. g3 Nf6 47. Rc5 Nd7 48. Rc4 Reb8 49. Rbc3
Kh6 50. Rc7 Rxc7 51. Rxc7 Nf6 52. Rc6 Kg7 53. Rc4 Kh6 54. Be2 Rb6 55. Kd3 Ne8
56. Rc5 Rxb4 57. Rxe5 Ng7 58. Re7 Rb6 59. Kd4 Rd6+ 60. Ke3 Re6 61. Rxe6 Nxe6
62. Bc4 Nc7 63. Kf4 Kg7 64. e5 h6 65. h4 Kf8 66. e6 Ke7 67. Ke5 Ne8 68. Bd5 g5
69. hxg5 hxg5 70. Kf5 Nf6 71. Ba2 g4 72. Bc4 Ng8 73. Bb3 Nf6 74. Ba2 Ng8 75.
Bc4 Kd6 76. Be2 Nh6+ 77. Kf6 Ng8+ 78. Kg7 Ne7 79. Bxg4 Nd5 80. Kf7 Ne7 81. Bf3
Nf5 82. g4 Ne7 83. Bb7 Ng8 84. Kxg8 Ke5 85. e7 Kd4 86. e8=Q Kc4 87. g5 Kd4 88.
Qe4+ Kc5 89. g6 Kd6 1-0

[Event "ICS rated bullet match"]
[Site "207.99.83.227"]
[Date "1999.03.21"]
[Round "?"]
[White "Hossa"]
[Black "JSBach"]
[Result "1-0"]
[WhiteElo "2378"]
[BlackElo "2091"]
[PlyCount "147"]

1. e4 e5 2. Nf3 Qf6 3. Bd3 Nc6 4. O-O h5 5. Bc4 Bc5 6. d3 Nge7 7. Bg5 Qg6 8.
Bxe7 Bxe7 9. Bb5 d6 10. Nc3 Bd7 11. Nd5 Bd8 12. Rc1 O-O 13. c4 Bh3 14. Ne3 Nb8
15. c5 Be7 16. cxd6 Bxd6 17. d4 exd4 18. Nxd4 a6 19. Be2 Be5 20. Ndf5 Bxf5 21.
Nxf5 Qe6 22. Qd5 Qxd5 23. Ne7+ Kh8 24. Nxd5 c6 25. Nb6 Ra7 26. Nc4 Bf4 27. Rc2
h4 28. Rd1 Re8 29. Bf3 c5 30. Rd5 b5 31. Rh5+ Bh6 32. Ne3 c4 33. Nf5 Re6 34.
Rxh4 Rd7 35. Nxh6 gxh6 36. e5 Rxe5 37. h3 Rd6 38. b3 cxb3 39. axb3 Re8 40. Kh2
Nd7 41. Rc6 Ree6 42. Rc8+ Kg7 43. Ra8 Ne5 44. Be4 Rd2 45. Bf5 Rc6 46. Re4 Kf6
47. Rf4 Kg5 48. g3 Ng6 49. h4+ Nxh4 50. Bh3 h5 51. Rh8 Rcc2 52. Rxh4 Rxf2+ 53.
Kg1 Kg6 54. Rg8+ Kh6 55. Bg4 Kh7 56. Rg5 Rg2+ 57. Kf1 Rgf2+ 58. Ke1 Rh2 59.
Rgxh5+ Kg6 60. Rxh2 Rc3 61. b4 Rxg3 62. Bc8 f6 63. Bxa6 Rg4 64. Rxb5 Rg3 65.
Rd5 Kf7 66. Bc4 Rg1+ 67. Kd2 Kg6 68. Bd3+ Kf7 69. Bf5 Rg5 70. Rh7+ Ke8 71. Rh8+
Rg8 72. Rxg8+ Kf7 73. Rdd8 Ke7 74. Rd7# {JSBach checkmated} 1-0

[Event "ICS Rated blitz match"]
[Site "207.99.83.227"]
[Date "1999.03.21"]
[Round "?"]
[White "rajah"]
[Black "Hossa"]
[Result "1-0"]
[WhiteElo "2549"]
[BlackElo "2384"]
[Annotator "Crafty v16.6"]
[PlyCount "62"]

{annotating for player Hossa using a scoring margin of +0.10 pawns. search
time limit is 12.00} 1. e4 1... c5 2. Nf3 Nc6 3. d4 cxd4 4. Nxd4 Qb6 5. Nxc6
Qxc6 6. Nc3 Nf6 7. Bb5 Qe6 ({8:-1.06} 7... Qe6 8. Qd4 a6 9. Bc4 Qg4 10. O-O b5
11. Bb3 $16) ({8:-0.59} 7... Qc7 8. Qf3 e6 9. Bg5 a6 10. Ba4 Qe5 11. Qf4 $14)
8. Qd4 Qg4 9. O-O a6 10. Be2 Qh4 ({9:-3.43} 10... Qh4 11. g3 Qh3 12. e5 d6 13.
exf6 gxf6 14. Qd5 14... Bg7 $18) ({9:-1.89} 10... e5 11. Qxe5+ Qe6 12. Bf4 Qxe5
13. Bxe5 Be7 14. Nd5 Nxd5 15. exd5 O-O 16. d6 $18) 11. g3 Qh3 12. e5 d6 ({
9:-4.82} 12... d6 13. exf6 gxf6 14. Nd5 Qd7 15. Nb6 e5 16. Nxd7 16... exd4 $18)
({9:-3.78} 12... Qf5 13. exf6 gxf6 14. Bc4 e5 15. Qd5 Qe6 16. Qxe6+ fxe6 17.
Be3 17... Bb4 $18) 13. exf6 e5 14. fxg7 Bxg7 15. Qxd6 Qe6 16. Ne4 Qxd6 17.
Nxd6+ Ke7 18. Rd1 h5 19. Be3 Bg4 20. Bxg4 hxg4 21. Nxb7 Rab8 22. Bc5+ Ke8 23.
Nd6+ Ke7 24. b4 Rh3 25. Nc4+ Ke8 26. Ne3 e4 27. Bd4 f6 28. Nxg4 Kf7 29. a3 Rc8
30. Rac1 Rd8 31. Bb6 Rb8 1-0

[Event "ICS Rated blitz match"]
[Site "207.99.83.227"]
[Date "1999.03.21"]
[Round "?"]
[White "Hossa"]
[Black "rajah"]
[Result "1/2-1/2"]
[WhiteElo "2375"]
[BlackElo "2558"]
[PlyCount "140"]

1. e4 d5 2. exd5 Nf6 3. c4 c6 4. dxc6 Nxc6 5. Nf3 e5 6. Nc3 Bb4 7. Be2 e4 8.
Ng5 Bxc3 9. dxc3 Qxd1+ 10. Bxd1 h6 11. Nh3 Ne5 12. Nf4 Nxc4 13. b3 Ne5 14. O-O
Bf5 15. Be3 O-O 16. Bd4 Nd3 17. Nxd3 exd3 18. Bxf6 gxf6 19. Bf3 Rac8 20. c4 Rc7
21. Rad1 Re8 22. Rd2 Re5 23. Rfd1 Rce7 24. Kf1 b6 25. h4 R7e6 26. g4 Bh7 27. a3
Rd6 28. Bd5 a6 29. f4 Rexd5 30. cxd5 Rxd5 31. Kf2 h5 32. Kg3 hxg4 33. Kxg4 Bf5+
34. Kg3 Rc5 35. Rxd3 Bxd3 36. Rxd3 Kg7 37. b4 Rb5 38. Kg4 f5+ 39. Kg5 f6+ 40.
Kh5 Kf7 41. Kh6 a5 42. bxa5 Rxa5 43. h5 Ra4 44. Rf3 b5 45. Kh7 b4 46. axb4 Rxb4
47. h6 Ra4 48. Rf2 Rb4 49. Rf1 Rb3 50. Ra1 Rg3 51. Rb1 Kf8 52. Rc1 Rg4 53. Rf1
Rg3 54. Rb1 Rg4 55. Rb4 Kf7 56. Rc4 Rg2 57. Rc7+ Kf8 58. Rc3 Rg4 59. Rf3 Rg8
60. Rd3 Rg4 61. Rd4 Ke7 62. Kh8 Kf7 63. h7 Rh4 64. Rd7+ Kf8 65. Rd8+ Kf7 66.
Ra8 Rxf4 67. Ra7+ Kf8 68. Rd7 Rg4 69. Rc7 f4 70. Rf7+ 70... Kxf7 {
Hossa stalemated} 1/2-1/2

[Event "ICS Rated blitz match"]
[Site "207.99.83.227"]
[Date "1999.03.21"]
[Round "?"]
[White "rajah"]
[Black "Hossa"]
[Result "1-0"]
[WhiteElo "2550"]
[BlackElo "2383"]
[Annotator "Crafty v16.6"]
[PlyCount "113"]

{annotating for player Hossa using a scoring margin of +0.10 pawns. search
time limit is 12.00} 1. d4 1... Nf6 2. c4 g6 3. Nc3 Bg7 4. e4 d6 5. f4 O-O 6.
Nf3 Bg4 7. Be3 Nc6 8. d5 Nb4 9. Qb3 c5 10. a3 Bxf3 ({7:-0.95} 10... Bxf3 11.
gxf3 Qa5 12. Rd1 Na6 13. Qxb7 Nc7 14. Qc6 $16) ({7:-0.38} 10... Qa5 11. O-O-O
Na6 12. Qxb7 Nc7 13. Qc6 13... Rab8 $14) 11. gxf3 Na6 12. Qxb7 Nc7 13. Ra2 Qb8
({8:-1.00} 13... Qb8 14. Qxb8 Raxb8 15. Bd3 Nh5 16. e5 Bh6 17. Ne2 17... Bg7
$16) ({8:-0.75} 13... e6 14. e5 Nh5 15. exd6 Bxc3+ 16. bxc3 Qxd6 17. Qc6 Qxc6
18. dxc6 Rfd8 19. Bxc5 19... Nxf4 $16) 14. Qxb8 Rfxb8 15. f5 gxf5 16. exf5 Nd7
17. Bd2 Rb3 18. Rg1 Kh8 19. Rg3 Bf6 20. Kd1 Rab8 21. Kc2 Nf8 22. Nb5 R3xb5 23.
cxb5 Nxb5 24. Bxb5 Rxb5 25. a4 Rb7 26. Bc3 Nd7 27. a5 Bd4 28. Ra4 Rb5 29. Bxd4+
cxd4 30. Rxd4 Rxa5 31. Re4 Rc5+ 32. Kb1 Ne5 33. f4 Rc4 34. Rge3 Ng4 35. Re2
Rxe4 36. Rxe4 Kg7 37. Rxe7 a5 38. Rd7 Nxh2 39. Rxd6 Nf3 40. Ra6 h5 41. d6 Kf6
42. Ra8 Nd4 43. d7 Nc6 44. Rc8 Ke7 45. Rxc6 Kxd7 46. Rh6 Ke7 47. Rxh5 Kf6 48.
Ka2 Kg7 49. Ka3 Kf6 50. Ka4 Kg7 51. Kxa5 f6 52. b4 Kf7 53. b5 Kf8 54. b6 Ke7
55. b7 Kd6 56. b8=Q+ Ke7 57. Rh7# 1-0

[Event "ICS rated bullet match"]
[Site "207.99.83.227"]
[Date "1999.03.21"]
[Round "?"]
[White "JSBach"]
[Black "Hossa"]
[Result "0-1"]
[WhiteElo "2086"]
[BlackElo "2382"]
[PlyCount "102"]

1. e4 d6 2. Be2 Nf6 3. Nc3 e5 4. d4 exd4 5. Qxd4 Nc6 6. Qa4 Be7 7. Bf4 O-O 8.
O-O-O Ng4 9. Nh3 Nge5 10. Nd5 Bxh3 11. gxh3 Bh4 12. f3 Re8 13. Qb5 Rb8 14. Rhg1
Bf2 15. Bg5 Qc8 16. Rg2 Bc5 17. Nf6+ gxf6 18. Bxf6+ Ng6 19. Qd3 Qe6 20. Qc3 Bb4
21. Qc4 Qxf6 22. Rg4 Kh8 23. Qb3 Nd4 24. Qe3 Bc5 25. c4 Nf4 26. Rxd4 Bxd4 27.
Qd2 Bxb2+ 28. Kb1 Be5 29. Bf1 h5 30. Rg1 d5 31. Rg3 dxe4 32. fxe4 Nd5 33. Qd1
Qb6+ 34. Qb3 Bxg3 35. cxd5 Qxb3+ 36. axb3 Bxh2 37. Bd3 Kg7 38. Ka2 Kh6 39. Kb1
Kg5 40. d6 cxd6 41. Bc4 Rxe4 42. Kc2 f5 43. Bd5 Re3 44. Kd2 Bf4 45. Kc2 Rxh3
46. b4 Rc8+ 47. Kb2 Be5+ 48. Kb1 Rh2 49. Bc4 Rxc4 50. b5 Rb2+ 51. Ka1 51...
Ra4# {JSBach checkmated} 0-1

[Event "ICS rated blitz match"]
[Site "207.99.83.227"]
[Date "1999.03.21"]
[Round "?"]
[White "StrongBach"]
[Black "Hossa"]
[Result "0-1"]
[WhiteElo "1882"]
[BlackElo "2371"]
[PlyCount "140"]

1. e4 e5 2. Nc3 Nf6 3. Nf3 Bb4 4. Nxe5 d6 5. Nc4 Be6 6. Qf3 Bg4 7. Qd3 O-O 8.
Ne3 Bd7 9. Ned5 Bxc3 10. Nxc3 Nc6 11. Qf3 Bg4 12. Qg3 Nb4 13. Bd3 d5 14. exd5
Re8+ 15. Kf1 Qd7 16. Bb5 Nxc2 17. f3 c6 18. dxc6 bxc6 19. Be2 Bxf3 20. Bxf3
Nxa1 21. b3 Qd3+ 22. Kg1 Nd5 23. Nd1 Nc2 24. Bxd5 Qxd5 25. h3 Qe5 26. Qxe5 Rxe5
27. Kf2 Nb4 28. Nc3 Ra5 29. a4 Rb8 30. Ke2 Nd5 31. Nd1 Rxb3 32. Nb2 Nf4+ 33.
Kf2 Rxb2 34. Bxb2 Nd3+ 35. Kg3 Nxb2 36. Rb1 Rxa4 37. Rxb2 g6 38. Rb7 a5 39.
Rb8+ Kg7 40. Rb6 c5 41. Rb5 c4 42. Kf2 Ra2 43. Ke2 c3 44. Rd5 a4 45. Kd1 a3 46.
dxc3 Rxg2 47. Ra5 a2 48. Kc1 Rh2 49. c4 Rxh3 50. Kd2 Rh1 51. Kc3 a1=Q+ 52. Rxa1
Rxa1 53. c5 f5 54. Kd4 f4 55. Kd3 Rc1 56. Ke4 Rc4+ 57. Kd3 Rxc5 58. Ke4 Rc4+
59. Kf3 Kf6 60. Kg2 Kg5 61. Kf2 Kg4 62. Ke2 f3+ 63. Ke3 Rb4 64. Kd3 f2 65. Ke2
Re4+ 66. Kxf2 Re2+ 67. Kf1 Kf3 68. Kg1 Re1+ 69. Kh2 Rd1 70. Kh3 70... Rh1# {
StrongBach checkmated} 0-1

[Event "ICS rated blitz match"]
[Site "207.99.83.227"]
[Date "1999.03.21"]
[Round "?"]
[White "Hossa"]
[Black "heatstroke"]
[Result "0-1"]
[WhiteElo "2373"]
[BlackElo "2777"]
[Annotator "Crafty v16.6"]
[PlyCount "119"]

{annotating for player Hossa using a scoring margin of +0.10 pawns. search
time limit is 12.00} 1. e4 1... c5 2. Bc4 Nc6 3. a3 ({8:-0.28} 3. a3 3... Nf6
4. Nc3 Na5 5. Be2 e5 6. Nf3 6... Bd6 $10) ({8:+0.03} 3. Nf3 3... e5 4. Nc3 d6
5. Nb5 Bg4 6. h3 6... Na5 $10) 3... Nf6 4. Nc3 e6 5. d3 ({9:-0.44} 5. d3 5...
d5 6. Bb5 d4 7. Bxc6+ bxc6 8. Nce2 Bd6 9. Nf3 O-O 10. O-O $15) ({9:-0.14} 5.
Nf3 5... Nxe4 6. Nxe4 d5 7. Bd3 c4 8. Bxc4 dxe4 9. Ng1 $10) 5... d5 6. Bb5 ({
8:-0.52} 6. Bb5 6... d4 7. Bxc6+ bxc6 8. Nce2 Bd6 9. c3 dxc3 10. Nxc3 O-O 11.
Nf3 $15) ({8:-0.33} 6. exd5 6... exd5 7. Bb3 d4 8. Nce2 Be6 9. Bxe6 fxe6 10.
Nf3 10... Bd6 $15) 6... dxe4 7. Bxc6+ bxc6 8. dxe4 Qxd1+ 9. Kxd1 Bd6 10. Bd2 ({
9:-0.55} 10. Bd2 10... Rb8 11. Rb1 Ng4 12. Be3 Nxh2 13. Nh3 Ng4 14. Bg5 $15) ({
9:-0.12} 10. Nf3 10... O-O 11. Bg5 Ng4 12. Ke1 f6 13. Rd1 Rd8 14. Bf4 $10)
10... Rb8 11. Kc1 ({9:-0.58} 11. Kc1 11... Ng4 12. Nh3 O-O 13. f3 Ne5 14. Bf4
Rd8 15. Bxe5 15... Bxe5 $15) ({9:-0.37} 11. Rb1 11... Ng4 12. Ke1 O-O 13. h3
Ne5 14. Bf4 Rd8 15. Bxe5 15... Bxe5 $15) 11... Ng4 12. Nh3 O-O 13. f3 Nf6 14.
Bg5 Nd7 15. Bf4 e5 16. Rd1 Be7 17. Bg5 f6 18. Bd2 Rd8 19. Be3 Ba6 20. Nf2 Nf8
21. Rxd8 Rxd8 22. h4 Bf1 23. g3 Ne6 24. f4 exf4 25. gxf4 f5 26. h5 fxe4 27.
Ncxe4 Be2 28. Ng3 Bf3 29. Nd3 c4 30. f5 Nd4 31. Ne5 Nxf5 32. Nxf3 Nxe3 33. Nd2
Rd5 34. h6 Bg5 35. Nge4 Bxh6 36. Kb1 Kf7 37. c3 Bf4 38. a4 g5 39. a5 g4 40. Ra2
g3 41. Ra1 Ng4 42. Nf3 Nf2 43. Nxg3 Bxg3 44. Ra4 Rf5 45. Nd2 Rd5 46. Nf3 Rc5
47. Nd2 h5 48. Nxc4 h4 49. Ne3 h3 50. Nf1 Bd6 51. Rh4 Rxa5 52. b4 Rg5 53. Kc2
Rg1 54. Rh7+ Kg6 55. Rd7 Be5 56. Nh2 Bxh2 57. Rd8 Be5 58. Rg8+ Bg7 59. Rc8 h2
60. Rxc6+ 0-1